000
00317nam a22001217a 4500
008
230619b xxu||||| |||| 00| 0 eng d
082
_a
305.4
_b
BIR
100
_c
Alexandra Biryukova
245
_a
Equal rights and equal opportunities
260
_a
Moscow
_b
Profizdat Publishers
_c
1985
300
_a
83p
942
_2
ddc
_c
BK
999
_c
1419
_d
1419